[Event "Vinnytsia City Cup"]
[Site "Vinnytsia"]
[Date "2021.11.07"]
[Round "10"]
[White "Kirichenko, Vitaly"]
[Black "Mamedov, Aflatun"]
[Result "0-1"]
[WhiteElo "2292"]
[BlackElo "2138"]
[PlyCount "44"]
[EventDate "2021.11.02"]
[EventType "tourn"]
[EventRounds "11"]
[EventCountry "UKR"]
[SourceTitle "CBM 205 Extra"]
[Source "ChessBase"]
[SourceDate "2022.01.31"]
[SourceVersion "1"]
[SourceVersionDate "2022.01.31"]
[SourceQuality "1"]

1. e4 e5 2. Nf3 Nc6 3. Bc4 Bc5 4. 0-0 Nf6 5. d3 d6 6. c3 0-0 7. Nbd2 a5 8. h3 h6 9. Re1 Bb6 10. Nf1 Re8 11. Ng3 Bd7 12. Nh4 Ng4 13. hxg4 Qxh4 14. Qf3 Bxg4 15. Qxf7+ Kh7 16. Be3 Rf8 17. Qd5 Ne7 18. Qb5 Rxf2 19. Kxf2 Rf8+ 20. Kg1 Qxg3 21. d4 Ng6 22. Bf1 Nh4 0-1

[Event "Vinnytsia City Cup"]
[Site "Vinnytsia"]
[Date "2021.11.06"]
[Round "8"]
[White "Mamedov, Aflatun"]
[Black "Scherbina, Dmitry"]
[Result "1/2-1/2"]
[WhiteElo "2138"]
[BlackElo "1945"]
[PlyCount "47"]
[EventDate "2021.11.02"]
[EventType "tourn"]
[EventRounds "11"]
[EventCountry "UKR"]
[SourceTitle "CBM 205 Extra"]
[Source "ChessBase"]
[SourceDate "2022.01.31"]
[SourceVersion "1"]
[SourceVersionDate "2022.01.31"]
[SourceQuality "1"]

1. d4 Nf6 2. c4 e6 3. Nc3 Bb4 4. e3 0-0 5. Bd3 d5 6. Nf3 b6 7. 0-0 Bb7 8. cxd5 exd5 9. Bd2 Nbd7 10. Rc1 a6 11. Ne5 Bd6 12. f4 c5 13. Qf3 b5 14. Qh3 g6 15. Nxd7 Nxd7 16. f5 Be7 17. fxg6 hxg6 18. dxc5 Nxc5 19. Bb1 b4 20. Ne2 Ne4 21. Be1 Rc8 22. Rd1 Qb6 23. Nd4 a5 24. Bh4 1/2-1/2

[Event "Vinnytsia City Cup"]
[Site "Vinnytsia"]
[Date "2021.11.04"]
[Round "4"]
[White "Mamedov, Aflatun"]
[Black "Shtompel, Yuriy"]
[Result "1/2-1/2"]
[WhiteElo "2138"]
[BlackElo "1848"]
[PlyCount "27"]
[EventDate "2021.11.02"]
[EventType "tourn"]
[EventRounds "11"]
[EventCountry "UKR"]
[SourceTitle "CBM 205 Extra"]
[Source "ChessBase"]
[SourceDate "2022.01.31"]
[SourceVersion "1"]
[SourceVersionDate "2022.01.31"]
[SourceQuality "1"]

1. c4 e5 2. Nc3 Nc6 3. g3 g6 4. Bg2 Bg7 5. d3 d6 6. Bd2 Be6 7. Rb1 Qd7 8. Nf3 h6 9. b4 Nge7 10. b5 Nd8 11. Qc1 Bh3 12. 0-0 Bxg2 13. Kxg2 Ne6 14. Nd5 1/2-1/2

[Event "Vinnytsia City Cup"]
[Site "Vinnytsia"]
[Date "2021.11.03"]
[Round "3"]
[White "Gavrish, Leonid"]
[Black "Mamedov, Aflatun"]
[Result "0-1"]
[WhiteElo "1886"]
[BlackElo "2138"]
[PlyCount "124"]
[EventDate "2021.11.02"]
[EventType "tourn"]
[EventRounds "11"]
[EventCountry "UKR"]
[SourceTitle "CBM 205 Extra"]
[Source "ChessBase"]
[SourceDate "2022.01.31"]
[SourceVersion "1"]
[SourceVersionDate "2022.01.31"]
[SourceQuality "1"]

1. d4 Nf6 2. c4 g6 3. Nc3 Bg7 4. e4 0-0 5. Nf3 d6 6. Be2 c6 7. 0-0 Bg4 8. Be3 Nbd7 9. h3 Bxf3 10. Bxf3 e5 11. d5 c5 12. Qd2 Ne8 13. g4 Nc7 14. a4 Qe7 15. Bg2 a6 16. Ra3 Rab8 17. Rb3 b6 18. Ra1 Rfc8 19. Bf1 a5 20. Ne2 Na6 21. Ng3 Nb4 22. h4 Kf8 23. h5 Ke8 24. g5 Kd8 25. Bh3 Kc7 26. h6 Bh8 27. Ne2 Rf8 28. Nc3 Rbd8 29. Nb5+ Kb7 30. Rf1 f5 31. f4 exf4 32. Bxf4 Ne5 33. Qe2 Nd7 34. Qh2 fxe4 35. Be6 Ne5 36. Re3 Nbd3 37. Rxe4 Nxf4 38. Rexf4 Qxg5+ 39. Kh1 Qe7 40. Qf2 Rxf4 41. Qxf4 Kb8 42. b3 g5 43. Qg3 g4 44. Kg2 Bf6 45. Nc3 Bh4 46. Qf4 Bg5 47. Qf5 Bxh6 48. Ne4 Bg7 49. Rh1 h6 50. Qh7 Rh8 51. Qf5 Kc7 52. Ng3 Rf8 53. Qh7 Rh8 54. Qf5 Bf6 55. Ne4 Bg7 56. Ng3 Kd8 57. Ne4 Rf8 58. Qh7 Nd3 59. Rf1 Nf4+ 60. Kg3 Nxe6 61. Re1 Be5+ 62. Kxg4 Qxh7 0-1

[Event "Vinnytsia City Cup"]
[Site "Vinnytsia"]
[Date "2021.11.02"]
[Round "1"]
[White "Zhukovskyi, Oleksandr"]
[Black "Mamedov, Aflatun"]
[Result "0-1"]
[WhiteElo "1688"]
[BlackElo "2138"]
[PlyCount "66"]
[EventDate "2021.11.02"]
[EventType "tourn"]
[EventRounds "11"]
[EventCountry "UKR"]
[SourceTitle "CBM 205 Extra"]
[Source "ChessBase"]
[SourceDate "2022.01.31"]
[SourceVersion "1"]
[SourceVersionDate "2022.01.31"]
[SourceQuality "1"]

1. e4 e5 2. Nf3 Nc6 3. d4 exd4 4. Bc4 Nf6 5. e5 d5 6. Bb5 Ne4 7. Nxd4 Bd7 8. Bxc6 bxc6 9. 0-0 Bc5 10. f3 Ng5 11. Be3 Ne6 12. f4 g6 13. c3 Ng7 14. Bf2 0-0 15. b4 Bb6 16. Nb3 f6 17. exf6 Rxf6 18. Bd4 Ne6 19. Bxb6 cxb6 20. g3 Ng7 21. Na3 Qc7 22. Qd4 Raf8 23. Rfe1 Bf5 24. c4 Be4 25. cxd5 Bxd5 26. Qe5 Qc8 27. Nd4 Qh3 28. Qe2 Rxf4 29. gxf4 Rxf4 30. Nac2 Rg4+ 31. Qxg4 Qxg4+ 32. Kf2 Nf5 33. Nxf5 Qxf5+ 0-1

[Event "Geller Memorial op-A 4th"]
[Site "Odessa"]
[Date "2008.09.14"]
[Round "6"]
[White "Mamedov, Aflatun"]
[Black "Andrenko, Irina"]
[Result "1/2-1/2"]
[WhiteElo "2094"]
[BlackElo "2213"]
[PlyCount "138"]
[EventDate "2008.09.09"]
[EventType "swiss"]
[EventRounds "9"]
[EventCountry "UKR"]
[SourceTitle "CBM 126 Extra"]
[Source "ChessBase"]
[SourceDate "2008.11.05"]
[SourceVersion "1"]
[SourceVersionDate "2008.11.05"]
[SourceQuality "1"]

1. Nf3 d6 2. d4 g6 3. c4 Bg7 4. Nc3 Nf6 5. e4 0-0 6. Be2 e5 7. 0-0 Nc6 8. d5 Ne7 9. Ne1 Ne8 10. Nd3 f5 11. f3 f4 12. Bd2 g5 13. Rc1 Ng6 14. c5 Rf7 15. cxd6 cxd6 16. Nf2 Bf8 17. Qb3 Nh4 18. Nb5 h5 19. h3 Rg7 20. Rc2 a6 21. Nc3 Nf6 22. Be1 g4 23. fxg4 hxg4 24. hxg4 b6 25. Nb1 Raa7 26. Nd2 Nxg4 27. Rxc8 Qxc8 28. Qh3 Nxf2 29. Qxh4 Nh3+ 30. Kh2 Rh7 31. Bh5 Be7 32. Qxh3 Qxh3+ 33. gxh3 Rxh5 34. Nc4 Rc7 35. Nxb6 Rc2+ 36. Rf2 Rxf2+ 37. Bxf2 Bh4 38. Bxh4 Rxh4 39. Nc4 Rh6 40. b4 Kf7 41. a4 Ke7 42. b5 axb5 43. axb5 Rg6 44. b6 Kd7 45. h4 Kc8 46. Kh3 Kb7 47. h5 Rf6 48. Kg2 Rh6 49. Kf3 Rf6 50. Ke2 Kc8 51. Kf3 Kd7 52. Na5 Rf8 53. Nc6 Kc8 54. Na5 Rh8 55. Nc4 Kd7 56. Kg4 Rg8+ 57. Kf5 f3 58. h6 f2 59. Nd2 Rf8+ 60. Kg6 f1Q 61. Nxf1 Rxf1 62. h7 Rh1 63. Kg7 Rg1+ 64. Kf7 Rh1 65. Kg7 Rg1+ 66. Kf7 Rf1+ 67. Kg8 Rg1+ 68. Kf7 Rh1 69. Kg7 Rg1+ 1/2-1/2

[Event "Geller Memorial op-A 3rd"]
[Site "Odessa"]
[Date "2007.09.15"]
[Round "8"]
[White "Mamedov, Aflatun"]
[Black "Onikienko, Vitaly"]
[Result "0-1"]
[WhiteElo "2083"]
[BlackElo "2265"]
[PlyCount "98"]
[EventDate "2007.09.08"]
[EventType "swiss"]
[EventRounds "9"]
[EventCountry "UKR"]
[SourceTitle "CBM 120 Extra"]
[Source "ChessBase"]
[SourceDate "2007.11.01"]
[SourceVersion "1"]
[SourceVersionDate "2007.11.01"]
[SourceQuality "1"]

1. Nf3 d5 2. c4 c6 3. d4 Nf6 4. e3 Bf5 5. Nc3 e6 6. Bd3 Bxd3 7. Qxd3 Nbd7 8. 0-0 Be7 9. b3 0-0 10. Bb2 Re8 11. Rfd1 Bd6 12. e4 dxe4 13. Nxe4 Nxe4 14. Qxe4 Qe7 15. Rd3 Rad8 16. Rad1 a5 17. Bc1 e5 18. dxe5 Nc5 19. Qf5 Nxd3 20. Bg5 f6 21. exf6 Qf7 22. Rxd3 g6 23. Qxa5 Bxh2+ 24. Kxh2 Rxd3 25. Ne5 b6 26. Qe1 h6 27. Nxf7 Rxe1 28. Nxh6+ Kf8 29. Ng4 Re4 30. f4 Kf7 31. Nh6+ Ke8 32. Ng4 Re2 33. Ne5 Rxe5 34. fxe5 Kf7 35. Kg1 Rd1+ 36. Kf2 Ra1 37. Bd2 Rxa2 38. Ke2 Ra3 39. b4 Rg3 40. Kf2 Rg4 41. Kf3 Rxc4 42. g4 Rd4 43. Be1 g5 44. Kg3 Re4 45. Bf2 Rxb4 46. Be3 Kg6 47. Bxg5 Kxg5 48. f7 Rxg4+ 49. Kh3 Rh4+ 0-1

[Event "Geller Memorial op-A 3rd"]
[Site "Odessa"]
[Date "2007.09.10"]
[Round "3"]
[White "Mamedov, Aflatun"]
[Black "Garifulin, Alexandr"]
[Result "1/2-1/2"]
[WhiteElo "2083"]
[BlackElo "2328"]
[PlyCount "76"]
[EventDate "2007.09.08"]
[EventType "swiss"]
[EventRounds "9"]
[EventCountry "UKR"]
[SourceTitle "CBM 120 Extra"]
[Source "ChessBase"]
[SourceDate "2007.11.01"]
[SourceVersion "1"]
[SourceVersionDate "2007.11.01"]
[SourceQuality "1"]

1. Nf3 d5 2. c4 c6 3. d4 Nf6 4. Nc3 dxc4 5. a4 Bf5 6. Ne5 e6 7. f3 c5 8. e4 Bg6 9. Bxc4 cxd4 10. Bb5+ Nbd7 11. Bg5 Be7 12. Qxd4 a6 13. Bxf6 axb5 14. Bxe7 Qxe7 15. Nxd7 Qxd7 16. Qxg7 Ke7 17. Nxb5 Qd3 18. Qc3 Rhd8 19. Qxd3 Rxd3 20. 0-0 Rb3 21. Rfc1 Kf6 22. Nc7 Ra5 23. Rc2 b5 24. Ra3 Rxa3 25. bxa3 bxa4 26. Kf2 Ke7 27. Ke3 f5 28. Rc6 fxe4 29. fxe4 Kd7 30. Rc4 Kd6 31. Kf4 Bf7 32. e5+ Kd7 33. Ke4 Bg6+ 34. Kd4 Bf5 35. h3 h5 36. Kc3 Rxe5 37. g4 hxg4 38. hxg4 Bxg4 1/2-1/2